| 000 | 00778nam a2200217 a 4500 | ||
|---|---|---|---|
| 001 | 000966124 | ||
| 003 | AM-YeHGA | ||
| 005 | 20250617150036.0 | ||
| 008 | 130603s1906 ru r 000 0 rus d | ||
| 040 | _aAM-YeHGA | ||
| 041 | 0 | _arus | |
| 100 | 1 |
_aВиппер, Роберт Юрьевич, _d1859-1954 |
|
| 245 | 1 | 0 |
_aЛекции по истории Греции / _cПроф. Р. Виппер. |
| 260 |
_aМосква : _bТипо-литогр. Т-ва Кушнерев и К°, _c1906- |
||
| 300 |
_aчасть ; _c23 см. |
||
| 505 | 1 | 0 | _gЧ. 1 (1906; [4], 230 c. : карт.) |
| 650 | 1 | 4 |
_aИстория _xДревняя Греция _vУчебное пособие |
| 653 | 0 | _aДревняя Греция - История | |
| 942 |
_2udc _cBK |
||
| 090 | _c325101 | ||
| 999 |
_c323357 _d323357 |
||